01066nac a22002651i 4500003000900000005001700009008004100026040004300067082002500110100007200135245011700207250002000324264006400344300003100408336002600439337002800465338002700493500002100520650002700541650003400568655001700602942001200619999001500631952015400646EG-ScBUE20230711095031.0230711r19671949nyub f 001 0 eng d aEG-ScBUEbengerdacEG-ScBUEdEG-ScBUE04a910.0917492bHIT2221 aHitti, Philip K.‏ q(Philip Khuri),‏d1886-1978,eauthor.14aThe Arabs :ba short history /cPhilip K. Hitti, professor emeritus of semitic literature, Princeton University. aSixth printing. 1aChicago :bA Gateway Edition, Henry Regnery Company,c1967. a274 pages :bmaps ;c20 cm 2rdacontentatextbtxt 2rdamediaaunmediatedbn 2rdacarrieravolumebnc aIncludes index.  7aArabsxHistory.2BUEsh 7aCivilization, Islamic.2BUEsh vReading book cBB2ddc c2961d2961 00102ddc40708Donation-GaMAINbMAINc2NDd2013-03-07eDonationl7m9o910.0917492 HITp000001210r2025-07-15 00:00:00s2019-03-18w2007-03-13yBB